00611 a2200169 4500020002200000050002000022100002600042245009300068250002200161264004000183300001600223500005900239650002700298650003700325700006300362710001600425 a082135910X (pbk.)00aHF5611.GRE 20091 aGreuning, Hennie van.10aInternational financial reporting standards :ba practical guide /cHennie van Greuning. aNewly revised ed. aWashington:bThe World bank.,c2004 ax, 297 p. ; aRev. ed. of: International accounting standards. 2001. 0aAccountingxStandards. 0aFinancial statementsxStandards.1 aGreuning, Hennie van.tInternational accounting standards.2 aWorld Bank.